|
|
|
|
| LEADER |
00779nam a2200217 a 4500 |
| 001 |
000573922 |
| 003 |
CZ BrMZK |
| 005 |
20011129130313.0 |
| 008 |
010825s1937 xr f cze d |
| 015 |
|
|
|a cnb000746753
|
| 035 |
|
|
|a (OCoLC)81788552
|
| 040 |
|
|
|a BOA001
|b cze
|c BOA001
|
| 100 |
1 |
|
|a Hendrich, Josef,
|d 1888-1950
|7 jk01040717
|
| 245 |
1 |
0 |
|a Komenského logika /
|c Josef Hendrich
|
| 260 |
|
|
|a V Zábřeze :
|b J. Hendrich,
|c [1937]
|
| 300 |
|
|
|a 130-138 s.
|
| 500 |
|
|
|a Archiv pro bádání o životě a spisech J. K. Komensk0ho. Zvláštní otisk ze sv. 14
|
| 910 |
|
|
|a BOA001
|b PK-II-0016.558
|
| 964 |
|
|
|a Komenský, Jan Amos - 1592-1670 - dílo - hodnocení
|
| 990 |
|
|
|a BK
|
| 996 |
7 |
|
|b 3119677380
|c PK-II-0016.558
|l MZK
|r Sklad / do 1 hodiny
|n 5
|w 000573922
|u 000010
|a 1
|e BOA001
|j MZK50
|s A
|